000 00815nam a2200241 i 4500
001 bg
100 1 _aGorzałczany, Marian Bolesław
_d(1955- ).
245 1 0 _aUkłady cyfrowe - metody syntezy.
_nT. 1,
_pElementy, układy kombinacyjne /
_cMarian B. Gorzałczany.
250 _a[Wyd. 5].
260 _aKielce :
_bWydaw. PŚ.,
_c1998.
300 _a372 s. :
_brys., wykr. ;
_c24 cm.
490 1 _aSkrypty / Politechnika Świętokrzyska,
_x0239-6386 ;
_v336
504 _aBibliogr. s. 372.
650 9 _aUkłady cyfrowe
_xprojekty
650 9 _aUkłady logiczne
_xprojekty
655 _aPodręczniki akademickie
830 0 _aSkrypty (Politechnika Świętokrzyska) ;
_v336
040 _cBPK
041 0 _apl
080 _a004.31:621.3.049.77](075.8)
942 _cKS
008 s pl f |000 0 pol
999 _c37777
_d37777
856 _uhttp://koha.tu.koszalin.pl/cgi-bin/koha/opac-detail.pl?biblionumber=37777
_yKatalog online BPK